Central Library OPAC University of Rajshahi

The final inequality : (Record no. 57455)

MARC details
000 -LEADER
fixed length control field 00679nam a2200217 a 4500
001 - CONTROL NUMBER
control field 57455
003 - CONTROL NUMBER IDENTIFIER
rucl marc code BD-RjUL
005 - DATE AND TIME OF LATEST TRANSACTION
control field 20211209080521.0
008 - FIXED-LENGTH DATA ELEMENTS--GENERAL INFORMATION
fixed length control field 161210s1965 nyu b 000 0 eng
035 ## - SYSTEM CONTROL NUMBER
System control number (BD-RjUL) 57579
040 ## - CATALOGING SOURCE
Original cataloging agency DLC
Transcribing agency OAU
Modifying agency BD-RjUL
Language of cataloging eng
041 ## - LANGUAGE CODE
Language code of text/sound track or separate title eng
082 ## - DEWEY DECIMAL CLASSIFICATION NUMBER
Classification number 305.4
Edition number 23
Author mark and year LUF 1965
100 1# - MAIN ENTRY--PERSONAL NAME
Personal name Ludovici, L. J.
Fuller form of name (Lorenz James),
Dates associated with a name 1910-
9 (RLIN) 170616
245 14 - TITLE STATEMENT
Title The final inequality :
Remainder of title a critical assessment of womans's sexual role in society /
Statement of responsibility, etc. L. J. Ludovici.
260 ## - PUBLICATION, DISTRIBUTION, ETC. (IMPRINT)
Place of publication, distribution, etc. New York :
Name of publisher, distributor, etc. W. W. Norton,
Date of publication, distribution, etc. 1965
300 ## - PHYSICAL DESCRIPTION
Pagination 271 p. ;
Size 22 cm.
504 ## - BIBLIOGRAPHY, ETC. NOTE
Bibliography, etc Bibliography: p. 254-260.
650 #0 - SUBJECT ADDED ENTRY--TOPICAL TERM
Topical term or geographic name as entry element Women
General subdivision Social conditions.
9 (RLIN) 170617
942 ## - ADDED ENTRY ELEMENTS (KOHA)
Source of classification or shelving scheme Dewey Decimal Classification
Koha item type Books
Holdings
Lost status Source of classification or shelving scheme Damaged status Not for loan Collection code Permanent Location Current Location Shelving location Date acquired Source of acquisition Cost, normal purchase price Total Checkouts Full call number Date last seen Copy number Koha item type
  Dewey Decimal Classification   Not For Loan Non-fiction Central Library, University of Rajshahi Central Library, University of Rajshahi Reading Room 12/09/1973 Standard Publication, Rajshahi 31.25   305.4 LUF 1965 10/12/2016 C-1 Books